| 000 | 01299nam a2200349Ia 4500 | ||
|---|---|---|---|
| 001 | Z_6520 | ||
| 003 | CHAP | ||
| 005 | 20231128192036.0 | ||
| 008 | 220113s2010 xx 000 0 und d | ||
| 010 | _a169787 | ||
| 040 | _cCHAP | ||
| 090 | _aTesis T 78 2282 | ||
| 100 |
_aTrujillo López, Efrén _9115408 |
||
| 245 |
_aImpacto de la asesoría profesional en el desarrollo integral de una agroempresa de bovinos lecheros. / _cEfren Trujillo López. |
||
| 260 |
_aMéxico : _bEl autor, _c2010 |
||
| 300 | _aCD | ||
| 502 | _aTesis (Ingeniero Agrónomo Especialista en Zootecnia) -- UACh, 2010 \ Dirección: Heriberto Estrella Quintero; asesoría: Dolores Valentina Mariscal Aguayo y Rafael Nuñez Domínguez. | ||
| 650 |
_aAsesoría profesional _9145040 |
||
| 650 |
_aBovino de leche _9145041 |
||
| 650 |
_aDesarrollo empresarial. _9145042 |
||
| 650 |
_aDiagnostico integral _9145043 |
||
| 650 |
_aGanado bovino _9138033 |
||
| 700 |
_a Mariscal Aguayo, Dolores Valentina, asesor _9145044 |
||
| 700 |
_a Nuñez Domínguez, Rafael, asesor. _9144192 |
||
| 700 |
_aEstrella Quintero, Heriberto, director _9145045 |
||
| 856 | 4 | 2 |
_uhttp://10.13.5.2/tesis/111180.pdf _yDescargar PDF |
| 901 | _aTESIS T 78 2282 | ||
| 902 | _aA | ||
| 910 | _a2010 | ||
| 942 |
_c2 _2ddc |
||
| 942 |
_c2 _2ddc |
||
| 999 |
_c169787 _d169787 |
||